| 000 | 00736nam a2200229 a 4500 | ||
|---|---|---|---|
| 001 | 000011312 | ||
| 005 | 20240412074225.0 | ||
| 008 | 091016s1993 dr 000 0 spa d | ||
| 040 |
_aDO-SdBNP _bspa _cBNPHU |
||
| 082 |
_aRD862.44 _bC957v |
||
| 100 | 1 |
_aCruz, Giovanny _97084 |
|
| 245 | 1 | 3 |
_aLa virgen de los narcisos / _cGiovanny Cruz. |
| 260 |
_aSanto Domingo : _bTaller, _c1993. |
||
| 300 |
_a120 p. ; _c21 cm. |
||
| 490 | 1 |
_aBiblioteca Taller _v292 |
|
| 500 | _aIncluye datos biográficos del autor en la contracubierta | ||
| 590 | _aInventariado, 2019 / DG | ||
| 650 | 0 |
_aTeatro dominicano _9637 |
|
| 650 | 0 |
_aLiteratura dominicana. _967 |
|
| 830 | 0 |
_aBiblioteca Taller _n292 _926909 |
|
| 910 | _aValidado. Control de calidad MFF | ||
| 999 |
_c11019 _d11019 |
||